| 000 | 00563nam a22001577a 4500 | ||
|---|---|---|---|
| 999 |
_c528175 _d528175 |
||
| 020 | _qHBK | ||
| 082 | _a624.1 | ||
| 100 | _aKhan, Muhammad Adnan Alam | ||
| 245 |
_aOptimizing Project Cost: An Insight into Contractor's Cash Flow / _cMuhammad Adnan Alam Khan |
||
| 260 |
_aIslamabad: _bNIT - SCEE - NUST, _c2018. |
||
| 300 |
_a64 p. : ill. ; _c30cm. |
||
| 942 |
_2ddc _cTHE |
||
| 650 |
_aConstruction Engineering and Management - MS Thesis. _917023 |
||
| 700 |
_aSup: Dr. Muhammad Jamaluddin Thaheem. _919773 |
||